| 000 | 00457nam a2200169Ia 4500 | ||
|---|---|---|---|
| 003 | OSt | ||
| 005 | 20260305125035.0 | ||
| 008 | 190216s9999||||xx |||||||||||||| ||und|| | ||
| 040 | _coclc | ||
| 082 |
_a869.342 _bCOE/A |
||
| 100 | 1 |
_aCoelho, Paulo _95599 |
|
| 245 | 0 |
_aThe Alchemist / _cPaulo Coelho |
|
| 260 |
_bDc Books, _aKottayam: _c2007. |
||
| 300 | _a159p | ||
| 650 | _aNovel | ||
| 942 |
_cBK _2ddc _h869.342 _iCOE/A _k869.342 _mCOE/A |
||
| 999 |
_c29042 _d29042 |
||